Lei Maria da Penha : (Record no. 1427)

MARC details
000 -LÍDER
Campo Fixo de Controle 00863nam a2200229 a 4500
001 - NÚMERO DE CONTROLE
Campo de Controle 1427
003 - IDENTIFICAÇÃO DO NÚMERO DE CONTROLE
Campo de Controle BR-CuiBMT
005 - DATA E HORA DA ÚLTIMA ATUALIZAÇÃO
Campo de Controle 20231208001018.0
008 - DADOS FIXOS
Dados Fixos 231207b[201 dfb 000 0 por d
040 ## - AGÊNCIA CATALOGADORA
Código da Agência Catalogadora BR-CuiBMT
Agência que transcreveu o registro BR-CuiBMT
080 ## - Nº DA CLASSIFICAÇÃO DECIMAL UNIVERSAL
Nº edição CDU 2007
Nº Class. CDU 343.6-055.2
Subd. Auxiliar Comum (81)
-- (094.5)
090 ## - NÚMERO DE CHAMADA
Nº classificação 343.6-055.2(81)(094.5)
Cutter L525
245 1# - TÍTULO PRINCIPAL
Título principal Lei Maria da Penha :
Subtítulo e legislação correlata /
260 ## - PUBLICAÇÃO, DISTRIBUIÇÃO, ETC.
Local de publicação Brasília :
Editora Senado Federal,
Data [201-].
300 ## - DESCRIÇÃO FÍSICA
N. páginas ou volumes 64 p.:
Dimensões 23 cm
500 ## - NOTAS GERAIS
Notas gerais Dispositivos constitucionais pertinentes - Lei nº 11.340, de 7 de agosto de 2006 - Legislação correlata: decretos. índice de assuntos e entidades.
650 ## - ASSUNTO TÓPICO
Cabeçalho tópico ou nome geográfico Lei Maria da Penha - Lei 11.340, 07/08/2006
650 ## - ASSUNTO TÓPICO
Cabeçalho tópico ou nome geográfico Mulheres - violência - legislação
650 ## - ASSUNTO TÓPICO
Cabeçalho tópico ou nome geográfico Violência contra a mulher
Subdivisão geral legislação
Subdivisão geográfica Brasil
650 ## - ASSUNTO TÓPICO
Cabeçalho tópico ou nome geográfico Violência doméstica
942 ## - ELEMENTOS DE ENTRADA ADICIONAIS (KOHA)
Fonte de classificação ou esquema de arquivamento Classificação Decimal Universal
Tipo de item do Koha Livros
Holdings
Estado: removido Estado: perdido Fonte de classificação ou esquema de arquivamento Estado: danificado Indisponível para empréstimo Localização permanente Localização atual Data de aquisição Total Checkouts Número de Chamada completo Código de barras Date last seen Número do exemplar Preço efetivo a partir de Tipo de item (Koha)
    Classificação Decimal Universal     Biblioteca da Escola Superior de Contas do TCE/MT Biblioteca da Escola Superior de Contas do TCE/MT 07/12/2023   343.6-055.2(81)(094.5) L525 BIBTCEMT23120317 08/12/2023 Ex. 1 08/12/2023 Livros

Powered by Koha